| 000 | 00428cam a2200169ua 4500 | ||
|---|---|---|---|
| 020 | _c695.00 | ||
| 041 |
_aeng _h |
||
| 082 |
_a664 _bMAH/FO |
||
| 100 | _aMahindru, S.N . | ||
| 245 |
_aFood safety: concept and reality / _cS.N Mahindru. _hTextual Documents |
||
| 260 |
_aNewdelhi : _bAPH publishing corporation , _c2009. |
||
| 300 | _a ; . | ||
| 365 | _a695.00 | ||
| 504 | _a | ||
| 942 | _cBK | ||
| 999 |
_c13435 _d13435 |
||